000 00852nam a22003137a 4500
001 BR7908240
003 BR-BrBNA
005 20230928090345.0
007 ta
008 230509b bl.||||| |||| 00| 0 por d
040 _aBR-BrBNA
_bpor
_cBiblioteca Nacional de Agricultura
041 _a(Por)
072 _aL00
_b5212
090 _ 5212 BR7908240
100 1 _aMarques, J.R.F.
100 1 _aPaiva, N.O. de
110 1 _aEmpresa de Assistencia Tecnica e Extensao Rural do Estado do Para, Belem (Brasil)
245 1 _aManejo dos bezerros [bovino, producao animal]
260 3 _aBelem, PA (Brasil):
_c1979.
300 _a15 p.
500 _a11 illus.; 12 ref.
650 _aBEZERRO
650 _aMANEJO
650 _aCASTRACAO
650 _aDESMAMA
650 _aDEFESA ANIMAL
909 _a202309
_bLucia
_c55
_dLucia Elande
942 _cBK
999 _c28548
_d28548